Statystyki dla TOP 10 Piosenek - Belmondawg

Kliknij tutaj aby rozwiązać quiz!

Ogólne statystyki

  • Ten quiz został rozwiązany 65 razy
    (55 od ostatniego zresetowania)
  • Średni wynik to 5 z 10

Statystyki odpowiedzi

NumerTytułAlbum% Poprawnych
01.Dzień dobry
70%
06.P.S.W.I.S. - DJ Eprom RemixHustle As Usual EP
68%
03.YoMenikUhqqow
64%
05.Te TerenyHustle As Usual EP
58%
04.EmploiAglio e Olio EP
47%
02.Pappardelle all'arrabbiataHustle As Usual EP
47%
09.SzkłoUhqqow
45%
07..UPSUhqqow
42%
10.FollowupHustle As Usual EP
38%
08.Mordo jak tam zdrowie
28%

Rozkład punktacji

Percentyl według liczby udzielonych odpowiedzi

Procent ludzi z każdym wynikiem

Twoja historia wyników

Nie rozwiązałeś tego quizu od ostatniego zresetowania